| 000 | 00756cam a22002292 4500 | ||
|---|---|---|---|
| 001 | 0000020871 | ||
| 005 | 20151217152223.0 | ||
| 008 | 111025s xx 000 0 eng d | ||
| 020 | _a9966744827 : | ||
| 040 |
_aKABU _cKABU |
||
| 100 | 1 |
_aKanyeihamba, GW. _@0000181505 |
|
| 245 | 1 | 0 |
_aKanyeihamba's commentaries on law, politics and governance / _cGW Kanyeihamba. |
| 250 | _a1st ed. | ||
| 260 |
_aNairobi, Kenya : _bLawAfrica, _c2006. |
||
| 300 | _ax, 162 p. | ||
| 650 | 0 |
_aJustice, Administration of _zUganda. _@0000181519 |
|
| 650 | 0 |
_aConstitutional law _zUganda. _@0000181520 |
|
| 651 | 0 |
_aUganda _xPolitics and governance _y1979 -. _@0000181521 |
|
| 852 | 1 | _9p975 KES | |
| 908 | _a111025 | ||
| 950 | _@1 | ||
| 999 |
_c9534 _d9534 |
||